|
|
|
|
| LEADER |
02559ndm 2200481 i 4500 |
| 001 |
mzk03001281557 |
| 005 |
20230605170324.0 |
| 008 |
230601q17011800xr ms|ff ||| lat d |
| 040 |
|
|
|a BOA001
|b cze
|e rda
|
| 043 |
|
|
|a e-xr---
|b e-xr-cc
|2 czenas
|
| 048 |
|
|
|a vn01
|
| 072 |
|
7 |
|a 783
|x Církevní hudba. Duchovní hudba. Náboženská hudba
|2 czenas
|9 [9]
|
| 080 |
|
|
|a 783.21
|2 MRF
|
| 080 |
|
|
|a 78.087
|2 MRF
|
| 080 |
|
|
|a (0.032)78
|2 MRF
|
| 245 |
0 |
0 |
|a Missae extravagantes :
|b Chorus I
|
| 264 |
|
0 |
|a [Dačice?],
|c [mezi 1701? a 1800?]
|
| 300 |
|
|
|a 101 listů ;
|c 21,5 x 30 cm
|
| 336 |
|
|
|a zápis hudby
|b ntm
|2 rdacontent
|
| 337 |
|
|
|a bez média
|b n
|2 rdamedia
|
| 338 |
|
|
|a svazek
|b nc
|2 rdacarrier
|
| 382 |
|
|
|a zpěv
|n 1
|s 1
|
| 500 |
|
|
|a První zpěvní hlas ze souboru hlasů uloženého pod signaturami D-0000.123 až D-0000.125
|
| 500 |
|
|
|a Sbírka 43 anonymních mší, z nichž mše I-XVII jsou nazvány Missae Extravagantes a mše XXXII-XLIII Missae Ordinis Mendicantium. Mše XVII-XXXI nemají zvláštní název
|
| 500 |
|
|
|a Moderní foliace tužkou; na listech 10-[39] také původní foliace z čísel 1-30 (čísla 1-25 přeškrtnutá), na listech 59-[74] původní paginace z čísel 1-32 (některá čísla přeškrtnutá)
|
| 500 |
|
|
|a Notace: moderní
|
| 500 |
|
|
|a První a poslední list jsou prázdné (na prvním listu později tužkou dopsaný název)
|
| 500 |
|
|
|a Na listu 117 v prvním svazku (D-0000.123) index - seznam všech mší obsažených ve sbírce s udáním hlasového obsazení (unius vocis, duarum vocum apod.) a s uvedením hudebního a textového incipitu
|
| 500 |
|
|
|a Název převzatý ze soupisu V. Dokoupila
|
| 510 |
4 |
|
|a Dokoupil, V. - Bar, P. Soupis rukopisů dačických františkánů,
|c s. 128
|
| 563 |
|
|
|a Polokožená vazba, lepenkové desky potažené barevným papírem, hřbet z bílé usně, usňové řemínky, červeně stříkaná ořízka
|
| 655 |
|
7 |
|a mše (hudba)
|7 fd979826
|2 czenas
|
| 655 |
|
7 |
|a hlasy
|7 fd186703
|2 czenas
|
| 655 |
|
7 |
|a hudební rukopisy
|7 fd278469
|2 czenas
|
| 710 |
2 |
|
|a Klášter františkánů (Dačice, Česko)
|7 ko2012680614
|4 own
|
| 856 |
4 |
1 |
|u http://www.digitalniknihovna.cz/mzk/view/uuid:55022893-0468-4e0b-9b06-e435bb16feb8
|y Digitalizovaný dokument
|
| 910 |
|
|
|a SVE951
|b D-0000.124
|
| 982 |
2 |
|
|a Klášter františkánů (Dačice, Česko)
|7 ko2012680614
|
| 985 |
|
|
|a 1701-1750
|
| 985 |
|
|
|a 1751-1800
|
| 990 |
|
|
|a MU
|
| 991 |
|
|
|k dacice
|
| 996 |
6 |
|
|b 4584203174
|c D-0000.124
|l stud. ST
|r Sklad / do násl. otevíracího dne
|n 0
|w 001928057
|u 000010
|a 1
|e BOA001
|s P
|